| 000 | 01088nam a2200205 a 4500 | ||
|---|---|---|---|
| 001 | 52436 | ||
| 005 | 20180714042300.0 | ||
| 008 | 140415s2008 mx 000 0 spa d | ||
| 020 | _a9789707293441 | ||
| 041 | _aspa | ||
| 082 |
_a370.15 _bFUE |
||
| 100 | 1 | _aFUENTES NAVARRO, MARIA TERESA | |
| 245 | 1 | 0 | _aCOMPETENCIAS ACADEMICAS BASICAS (CAB) COMO MEJORAR MIS CALIFICACIONES |
| 250 | _a1a ed. | ||
| 260 |
_aMEXICO : _bMANUAL MODERNO, _c2008 |
||
| 300 |
_a386 _c20.3 x 0.4 x 27.4 |
||
| 490 | _aSTEM CELL CULTURE | ||
| 520 | _aLA DRA. TERESA FUENTES CONTRIBUYE CON EL PROCESO ENSEĆANZA-APRENDIZAJE MEDINATE SU OBRA COMPLETA DENOMINADA COMPETENCIAS ACADEMICAS BASICAS, LA CUAL ESTA COMPUESTADE CUATRO CUADERNILLOS TITULADOS: MANUAL DE APLICACION, COMO MEJORAR MIS CALIFICACIONES, COMPRENSION DE LECTURA Y MANUAL PARA ELEGIR FUNDAMENTADAMENTE UNA OCUPACION. CADA UNO DE STOS ABORDA DISTINTAS TEMATICAS QUE RESULTAN SER DE GRAN UTILIDAD PARA LOS PSICOLOGOS, ORIENTADORES VOCACIONALES Y EDUCADORES QUE TRABAJAN CON ESTUDI | ||
| 650 | 1 | 4 |
_aHABILIDADES _xPSICOLOGIA EDUCATIVA |
| 999 |
_c52436 _d52436 |
||